000 00791nam a2200217 a 4500
001 000024424
005 20200930023152.0
008 110127s1967 mx r 000 0 spa d
040 _aDO-SdBNP
_bspa
_cBNPHU
082 _axxxxxx
_bS158i
100 1 _aSaki,
_d1870-1916,
_qMunro, Hector Hugh.
_950062
245 1 4 _aLos increibles cuentos de Saki /
_cintroducción Richard Corbin , Ned Hoopes ; traducción Rafael Mireles.
260 _aMéxico, D. F. :
_bNavarro,
_c1967.
300 _a222 p. ;
_c16.5 cm.
500 _aIncluye referencia biográfica del autor.
534 _pTítulo original.
_tIncredible tales of Saki.
_cNueva York : Dell Publishing, 1966.
700 1 _aCorbin, Richard
_950063
700 1 _aHoopes, Ned
_950064
700 1 _aMireles, Rafael,
_etr.
_948753
049 _aBNGR
999 _c23917
_d23917